Normal view
MARC view
- معرفة -- فلسفة
Entry Topical Term
001 - CONTROL NUMBER
- control field: 11825
003 - CONTROL NUMBER IDENTIFIER
- control field: JO-AjAnu
005 - DATE AND TIME OF LATEST TRANSACTION
- control field: 20230606072209.0
008 - FIXED-LENGTH DATA ELEMENTS
- fixed length control field: 230606|| aca||aabn | a|a d
040 ## - CATALOGING SOURCE
- Original cataloging agency: JO-AjAnu
- Transcribing agency: JO-AjAnu
150 ## - HEADING--TOPICAL TERM
- Topical term or geographic name entry element: معرفة -- فلسفة
670 ## - SOURCE DATA FOUND
- Source citation: Work cat.: (JO-AjAnu)6090: تاليف مارو، ه.ا.؛ بدران، جمال ترجمة؛ ابراهيم، زكريا مراجع, author 11824, من المعرفة التاريخية